Yi Qian Ling Yi Ye = One thousand and one night
| Format: | Book |
|---|---|
| Published: |
s.l. :
Zhe Jiang Children Publishing ,
2006
|
| Subjects: |
MARC
| LEADER | 00000cam a2200000 7i4500 | ||
|---|---|---|---|
| 001 | 0000111287 | ||
| 005 | 20250911093709.0 | ||
| 020 | |a 7534241022 | ||
| 090 | 0 | 0 | |a JFM |b YIQ |
| 245 | 0 | 0 | |a Yi Qian Ling Yi Ye = One thousand and one night |
| 260 | |a s.l. : |b Zhe Jiang Children Publishing , |c 2006 | ||
| 300 | |a 137p. : |b ill. ; |c 20cm. | ||
| 650 | 0 | 0 | |a Children's stories, Chinese |
| 650 | 0 | 0 | |a Chinese fiction |
| 650 | 0 | 0 | |a Chinese language |
| 999 | |a 00204044 |b BUKU |c JUNIOR FICTION MANDARIN COLLECTION |e PERPUSTAKAAN KOMUNITI PETALING JAYA | ||